| 000 | 01247nam0a22003131 4500 | ||
|---|---|---|---|
| 001 | RU\NLR\INFOCOMM_195\5000069374 | ||
| 005 | 20250613100836.0 | ||
| 035 | _a(NLR Aleph) 009361163 | ||
| 090 |
_a7863110 _c7863110 |
||
| 100 | _a20101206d1968 |||y0rusy50 ca | ||
| 101 | 0 | _aeng | |
| 102 | _aRU | ||
| 105 | _ay ||||000|y | ||
| 200 | 1 |
_aSpace research and biological sciences _f[By] O. G. Gazenko _gPresented by the Government of the USSR |
|
| 210 |
_a[M. _d1968] |
||
| 215 |
_a36 с. _d29 см |
||
| 225 | 1 |
_aUnited Nations Conference on the exploration and peaceful uses of outer space _vV. A. 3 |
|
| 300 | _aБез тит. л. и обл. | ||
| 300 | _aВ вып. дан.: Газенко О. Г. Космические исследования и биологические науки | ||
| 309 | _aОтпеч. множит. аппаратом на одной стороне листа | ||
| 320 | _aБиблиогр.: с. 33 | ||
| 686 |
_aЕ089 _2rubbk |
||
| 700 | 1 |
_aGazenko _bO. G. _gOleg Georgievič _4070 |
|
| 712 | 0 | 2 |
_aUnited Nations _bConference on the exploration and peaceful uses of outer space _eGeneva _f1968 _4570 |
| 801 | 1 |
_aRU _bNLR _c20101206 |
|
| 801 | 0 |
_aRU _bNLR _gPSBO |
|
| 852 |
_aNLR _jБл01 Д-8/3 |
||
| 942 | _cBOOK | ||
| 980 | _aNB | ||